<?xml version="1.0" encoding="UTF-8"?>
<marc:record xmlns:marc="http://www.loc.gov/MARC21/slim">
   <marc:leader>00000nam a2200000 a 4500</marc:leader>
   <marc:datafield ind1="1" ind2=" " tag="100">
      <marc:subfield code="a">Groen, Hendrik</marc:subfield>
      <marc:subfield code="4">aut</marc:subfield>
      <marc:subfield code="e">Verfasser/-in</marc:subfield>
   </marc:datafield>
   <marc:datafield ind1="0" ind2="0" tag="245">
      <marc:subfield code="a">Damenbesuch</marc:subfield>
   </marc:datafield>
   <marc:datafield ind1="0" ind2="0" tag="245">
      <marc:subfield code="c">Groen, Hendrik</marc:subfield>
   </marc:datafield>
   <marc:datafield ind1=" " ind2="1" tag="264">
      <marc:subfield code="a">München</marc:subfield>
      <marc:subfield code="b">Piper</marc:subfield>
      <marc:subfield code="c">2022</marc:subfield>
   </marc:datafield>
   <marc:datafield ind1="1" ind2=" " tag="520">
      <marc:subfield code="a">Rasselschlamassel: zwei Rentner und ein Baby&#xD;
&#xD;
Hendrik Groen und Evert sind beste Freunde – in guten wie in schlechten Zeiten. Für gewöhnlich spielen die beiden Siebzigjährigen freitagabends zusammen Schach, trinken ein Gläschen Eierlikör und genießen ihr ruhiges Rentnerdasein. Doch eines Abends bringt Evert unerwarteten Damenbesuch mit: ein Baby. Von den Eltern keine Spur. Die betagten Babysitter wider Willen leisten fortan überraschend gute Arbeit, während sie versuchen, die Kleine möglichst schnell wieder nach Hause zu bringen – was sich als schwieriger erweist als gedacht.</marc:subfield>
   </marc:datafield>
   <marc:datafield ind1=" " ind2=" " tag="020">
      <marc:subfield code="a">9783492070492</marc:subfield>
      <marc:subfield code="9">9783492070492</marc:subfield>
   </marc:datafield>
   <marc:datafield ind1=" " ind2=" " tag="020">
      <marc:subfield code="a">3492070493</marc:subfield>
      <marc:subfield code="9">3492070493</marc:subfield>
   </marc:datafield>
   <marc:datafield ind1=" " ind2=" " tag="041">
      <marc:subfield code="a">ger</marc:subfield>
   </marc:datafield>
   <marc:datafield ind1=" " ind2=" " tag="338">
      <marc:subfield code="a">Band</marc:subfield>
   </marc:datafield>
   <marc:datafield ind1=" " ind2=" " tag="300">
      <marc:subfield code="a">257</marc:subfield>
   </marc:datafield>
</marc:record>
